Argentina, estados unidos y el sistema interamericano 1880-1914 /
Guardado en:
| Autor Principal: | |
|---|---|
| Formato: | Libro |
| Publicado: |
Buenos Aires :
Eudeba,
1965
|
| Materias: | |
| Etiquetas: |
Agregar Etiqueta
Sin Etiquetas, Sea el primero en etiquetar este registro!
|
| LEADER | 00512nam a22001575a 4500 | ||
|---|---|---|---|
| 001 | EHU.bham014689 | ||
| 003 | AR-BHAM | ||
| 005 | 20080515150348.0 | ||
| 008 | 130507s1965##################000#0#####d | ||
| 082 | 9 | 8 | |a 982.05 |
| 100 | 1 | |a Macgann, Thomas F. | |
| 245 | 1 | 0 | |a Argentina, estados unidos y el sistema interamericano 1880-1914 / |c Thomas F. Macgann |
| 260 | |a Buenos Aires : |b Eudeba, |c 1965 | ||
| 300 | |a 485 p. | ||
| 653 | |a Historia de argentina-1861-1910 | ||
| 859 | |a AR-BHAM |b BIB. HUMANIDADES - General |h 982.05 |i M17 |p 99136.73 |t Ej.1 | ||
